000 00487nam a2200181Ia 4500
001 18961
005 20260306171708.0
008 260306s9999||||xx |||||||||||||| ||und||
041 _aESP
082 _a658.562
_bV935
100 _aVelasco Sánchez, Juan
_eAUT
245 0 _aGestión de la calidad:
_bmejora continua y sistemas de gestión. Teoría y práctica
260 _c2010
300 _a268 páginas :
_c23 cm.
650 _aGEN
654 _aCAN
942 _cLIB
_dJUS
_fJUS
_2ddc
_n
999 _c18961
_d18961